[Event "Saint Quentin 2005"]
[Site "Elancourt"]
[Date "2005.04.25"]
[Round "3.5"]
[White "Dominguez, Alain"]
[Black "Baron, Daniel"]
[Result "0-1"]
[WhiteElo "1920"]
[BlackElo "2134"]
[PlyCount "74"]
[EventDate "2005.04.??"]

1. Nf3 Nf6 2. c4 c6 3. Nc3 d5 4. e3 a6 5. b3 Bg4 6. Be2 Nbd7 7. Nd4 Bxe2 8.
Qxe2 e5 9. Nc2 Bd6 10. O-O O-O 11. d3 Qe7 12. e4 d4 13. Nd1 a5 14. Nb2 Ne8 15.
g4 g5 16. Bd2 Nc7 17. Kg2 Kg7 18. Rh1 Ne6 19. f3 Bb4 20. Kf2 Bxd2 21. Qxd2 Nf4
22. Ne1 h5 23. Ng2 Nxg2 24. Kxg2 Rh8 25. gxh5 Rxh5 26. h3 Nf8 27. c5 Ne6 28. b4
Nf4+ 29. Kg3 axb4 30. Qxb4 Rh4 31. Rh2 Rah8 32. Rah1 R8h6 33. Qc4 Qf6 34. Qc1
Kg8 35. Qf1 Qe6 36. Qd1 Qxa2 37. Nc4 Rxh3+ 0-1

[Event "Saint Quentin 2005"]
[Site "Elancourt"]
[Date "2005.04.25"]
[Round "3.6"]
[White "Sulypa, Alexandre"]
[Black "Aouizerate, Robert"]
[Result "1-0"]
[WhiteElo "2480"]
[BlackElo "1989"]
[PlyCount "51"]
[EventDate "2005.04.??"]

1. d4 Nf6 2. c4 g6 3. Nc3 d5 4. Nf3 Bg7 5. Qb3 dxc4 6. Qxc4 O-O 7. e4 Nbd7 8.
Bf4 c6 9. Be2 Nb6 10. Qc5 Bg4 11. Rd1 Nfd7 12. Qa3 Bxf3 13. Bxf3 e5 14. dxe5
Qe8 15. O-O Nxe5 16. Be2 Qe6 17. b3 Rfe8 18. Qc1 Rad8 19. h3 Qe7 20. Bg5 Bf6
21. Bxf6 Qxf6 22. f4 Ned7 23. e5 Qe7 24. Ne4 Nc8 25. Qc3 Qa3 26. Rxd7 1-0

[Event "Saint Quentin 2005"]
[Site "Elancourt"]
[Date "2005.04.25"]
[Round "3.7"]
[White "Couturier, Francois"]
[Black "Bilquez, Romain"]
[Result "1-0"]
[WhiteElo "2075"]
[BlackElo "2001"]
[PlyCount "101"]
[EventDate "2005.04.??"]

1. d4 d5 2. Nf3 Nf6 3. c4 c6 4. e3 e6 5. Nc3 Nbd7 6. Bd3 dxc4 7. Bxc4 b5 8. Bd3
a6 9. O-O c5 10. Qe2 Bb7 11. Rd1 c4 12. Bc2 b4 13. Nb1 Rc8 14. e4 Be7 15. Nbd2
Nb6 16. e5 Nfd5 17. Ne4 h6 18. h3 Qd7 19. Nd6+ Bxd6 20. exd6 Qxd6 21. Ne5 Qc7
22. Qg4 Kf8 23. f4 Nf6 24. Qe2 Re8 25. Bd2 a5 26. Rac1 Rc8 27. f5 Bd5 28. Bf4
Qb7 29. fxe6 Bxe6 30. Ng6+ Kg8 31. Nxh8 Kxh8 32. Be5 Nbd7 33. Rf1 Nxe5 34. dxe5
Nh7 35. Qe4 Qxe4 36. Bxe4 Nf8 37. Bd5 Kg8 38. Bxe6 Nxe6 39. Rfd1 Rc5 40. Kf2 g5
41. g3 Kg7 42. Kf3 a4 43. Ke4 b3 44. axb3 axb3 45. Rc3 Nf8 46. Rd5 Rc8 47. Rd4
Ra8 48. Rdxc4 Ra2 49. Rxb3 Ng6 50. e6 fxe6 51. Rc7+ 1-0

[Event "Saint Quentin 2005"]
[Site "Elancourt"]
[Date "2005.04.25"]
[Round "3.9"]
[White "D'Avout d'Averstaedt, Geoffroy"]
[Black "Boussaha, Bilal"]
[Result "1-0"]
[WhiteElo "2032"]
[BlackElo "1877"]
[PlyCount "68"]
[EventDate "2005.04.??"]

1. d4 d5 2. Nf3 Nf6 3. e3 c6 4. Bd3 Bg4 5. b3 Nbd7 6. Bb2 e6 7. Nbd2 Bd6 8. h3
Bh5 9. g4 Bg6 10. Ne5 Bxd3 11. cxd3 h6 12. f4 c5 13. Ndf3 cxd4 14. Bxd4 Bc5 15.
Bxc5 Nxc5 16. b4 Ncd7 17. Qa4 a6 18. Rc1 O-O 19. Kd2 Nb6 20. Qa5 Ne4+ 21. dxe4
f6 22. exd5 fxe5 23. Nxe5 Nxd5 24. Ke2 b6 25. Qa4 g5 26. Qc6 Kg7 27. Rhd1 gxf4
28. Qxe6 f3+ 29. Nxf3 Nf4+ 30. exf4 Re8 31. Rxd8 Rxe6+ 32. Ne5 Rxd8 33. Rc7+
Kg8 34. Ra7 b5 1-0

[Event "Saint Quentin 2005"]
[Site "Elancourt"]
[Date "2005.04.25"]
[Round "3.10"]
[White "Hadet, Emmanuel"]
[Black "Collette, Gilles"]
[Result "1-0"]
[WhiteElo "2030"]
[BlackElo "1790"]
[PlyCount "57"]
[EventDate "2005.04.??"]

1. d3 Nf6 2. c3 g6 3. Qc2 Bg7 4. e4 d6 5. Be2 e5 6. Nd2 O-O 7. Nf1 Ne8 8. g4
Kh8 9. h4 Nc6 10. Ng3 Be6 11. g5 Ne7 12. h5 Kg8 13. Nf3 Qd7 14. Nh4 f6 15. hxg6
hxg6 16. gxf6 Nxf6 17. Bg5 Kf7 18. O-O-O c5 19. f4 Ke8 20. Rdf1 Nfg8 21. f5
gxf5 22. Bh5+ Bf7 23. Nhxf5 Nxf5 24. Nxf5 Bxh5 25. Rxh5 Bf6 26. Qh2 Qd8 27. Rg1
Kd7 28. Rh7+ Kc6 29. Qc2 1-0

[Event "Saint Quentin 2005"]
[Site "Elancourt"]
[Date "2005.04.25"]
[Round "3.11"]
[White "Scozzesi, Francois"]
[Black "Szwedkowski, Sylvain"]
[Result "1-0"]
[WhiteElo "2010"]
[BlackElo "1790"]
[PlyCount "71"]
[EventDate "2005.04.??"]

1. e4 c6 2. Nf3 d5 3. exd5 cxd5 4. Ne5 Nf6 5. d4 Bf5 6. g4 Bd7 7. g5 Ne4 8. Qf3
Nd6 9. Qxd5 Nc6 10. Nxd7 Qxd7 11. c3 e6 12. Qf3 Nf5 13. Bb5 Qd5 14. Qxd5 exd5
15. Nd2 O-O-O 16. Nf3 Re8+ 17. Kd1 f6 18. Re1 Rxe1+ 19. Kxe1 Bd6 20. Bd2 Bc7
21. Kf1 Nd6 22. Bd3 Ne4 23. Be3 f5 24. h4 a6 25. Re1 Rf8 26. c4 Nb4 27. Be2 f4
28. Bd2 Nxd2+ 29. Nxd2 Nc2 30. Bg4+ Kb8 31. Rc1 Nxd4 32. cxd5 Nb5 33. Ne4 b6
34. a4 Nd6 35. Nxd6 Bxd6 36. Rc6 1-0

[Event "Saint Quentin 2005"]
[Site "Elancourt"]
[Date "2005.04.25"]
[Round "3.12"]
[White "Le Scraigne, Eric"]
[Black "Le Ray, Olivier"]
[Result "0-1"]
[WhiteElo "1740"]
[BlackElo "1982"]
[Annotator "Sylvain,Rivier"]
[PlyCount "66"]
[EventDate "2005.04.??"]

1. d4 d6 2. Nf3 Bg4 3. c4 Nd7 4. Nc3 Bxf3 5. exf3 g6 6. Be2 Bg7 7. Be3 Ngf6 8.
Qd2 c5 9. O-O O-O 10. Rfd1 cxd4 11. Bxd4 h6 12. Rac1 a5 13. Ne4 Kh7 14. Qc3 Qc7
15. Bd3 e5 16. Be3 Nxe4 17. fxe4 f5 18. f3 Rac8 19. Qa3 Nc5 20. b4 axb4 21.
Qxb4 Nxd3 22. Rxd3 fxe4 23. fxe4 Qc6 24. Rd5 Rf6 25. Qb5 Ra8 26. Ra1 Ra4 27.
Rc1 Rxa2 28. Qb3 Qa6 29. Rd3 Ra4 30. Qb5 Qxb5 31. cxb5 Rxe4 32. Rc7 b6 33. h3
Rb4 {suite illisible} 0-1

[Event "Saint Quentin 2005"]
[Site "Elancourt"]
[Date "2005.04.25"]
[Round "3.13"]
[White "Legrix, Jean-Marie"]
[Black "Ferriere, Patrick"]
[Result "1-0"]
[WhiteElo "1976"]
[BlackElo "1720"]
[PlyCount "67"]
[EventDate "2005.04.??"]

1. d4 d5 2. Nf3 e6 3. e3 Bd6 4. Bd3 f5 5. O-O Nf6 6. c4 c6 7. c5 Bc7 8. b4 O-O
9. Bb2 Bd7 10. Nbd2 Ne4 11. Ne5 Qg5 12. f4 Qe7 13. Rf3 Be8 14. Rh3 Nd7 15. Ndf3
Nxe5 16. Nxe5 Bxe5 17. dxe5 b6 18. Bxe4 dxe4 19. Qb3 Rd8 20. Bd4 b5 21. a4 Rf7
22. axb5 cxb5 23. Ra6 Rd5 24. Rg3 Qd7 25. Qc3 Qb7 26. Rxe6 Bc6 27. Rd6 Rxd6 28.
exd6 Qd7 29. Qa1 g6 30. Qa5 Qb7 31. h4 Be8 32. Qd8 Qd7 33. Qg5 Qe6 34. h5 1-0

[Event "Saint Quentin 2005"]
[Site "Elancourt"]
[Date "2005.04.25"]
[Round "3.14"]
[White "Gahagnon, Jacques"]
[Black "Benier, Adrien"]
[Result "0-1"]
[WhiteElo "1720"]
[BlackElo "1970"]
[PlyCount "110"]
[EventDate "2005.04.??"]

1. d4 e6 2. e3 d5 3. Bd3 c6 4. f4 f5 5. Nf3 Nf6 6. O-O Be7 7. Nbd2 O-O 8. Ne5
c5 9. c3 Bd7 10. b3 Nc6 11. Ndf3 Ne4 12. Bb2 Be8 13. Qe1 Rc8 14. Rd1 Qa5 15.
Nxc6 Bxc6 16. a3 Qb6 17. b4 cxb4 18. cxb4 a5 19. Rb1 axb4 20. axb4 Bxb4 21. Ba3
Bxe1 22. Rxb6 Ba5 23. Rxc6 Rxc6 24. Bxf8 Kxf8 25. Ne5 Rc8 26. Rb1 Bd2 27. Bxe4
Bxe3+ 28. Kf1 fxe4 29. Rxb7 Bxd4 30. Rf7+ Kg8 31. Re7 Bxe5 32. fxe5 Rf8+ 33.
Ke2 Rf5 34. Rxe6 Kf7 35. Ra6 Rxe5 36. Ke3 Re6 37. Ra5 Rd6 38. Kd4 Kf6 39. Ra8
h6 40. Rf8+ Ke7 41. Rf2 Ke6 42. Rf8 Rc6 43. g4 Rc4+ 44. Ke3 Rc3+ 45. Kf2 Rf3+
46. Rxf3 exf3 47. Kxf3 Ke5 48. h4 d4 49. g5 hxg5 50. hxg5 Kf5 51. g6 Kxg6 52.
Ke4 Kg5 53. Kxd4 Kf4 54. Kd3 Kf3 55. Kd2 Kf2 0-1

[Event "Saint Quentin 2005"]
[Site "Elancourt"]
[Date "2005.04.25"]
[Round "3.15"]
[White "Mahe, Romain"]
[Black "Rodriguez, Jean-Pierre"]
[Result "1/2-1/2"]
[WhiteElo "1970"]
[BlackElo "1650"]
[PlyCount "126"]
[EventDate "2005.04.??"]

1. e4 e6 2. d4 d5 3. Nc3 Bb4 4. e5 c5 5. a3 Bxc3+ 6. bxc3 Nc6 7. Qg4 g6 8. Ne2
Bd7 9. f4 f5 10. Qf3 c4 11. h4 h5 12. Ng1 Nh6 13. Rb1 Qa5 14. Qe3 Rb8 15. Be2
b5 16. Nh3 Qd8 17. g3 Ra8 18. Ng5 a6 19. O-O Qe7 20. Qd2 Nd8 21. Qe1 Ndf7 22.
Nxf7 Kxf7 23. Kg2 Rag8 24. Bd2 Bc6 25. Qc1 Rb8 26. Qb2 a5 27. Qa2 Rb7 28. Rb2
a4 29. Rb4 Rhb8 30. Rfb1 Kg7 31. R1b2 Kf7 32. Qb1 Kg7 33. Qd1 Rh8 34. Rb1 Rbb8
35. R4b2 Kf7 36. Bf3 Qd7 37. Rb4 Kg7 38. R1b2 Rb7 39. Be3 Kf7 40. Kf2 Ke7 41.
Qb1 Kf7 42. Kg2 Rhb8 43. Qd1 Ng4 44. Bxg4 hxg4 45. Rb1 Rh8 46. Qd2 Ke8 47. Rh1
Qe7 48. Qc1 Rh5 49. Rb1 Kd8 50. Qb2 Rd7 51. Bd2 Ke8 52. Kf2 Kf7 53. Qb4 Rh8 54.
Ke2 Kg7 55. Bc1 Kh6 56. Qa5 Ra7 57. Qb4 Qxb4 58. cxb4 Kh5 59. Be3 Raa8 60. Rbg1
Ra7 61. Rh2 Raa8 62. Kf2 Ra7 63. c3 Raa8 1/2-1/2

[Event "Saint Quentin 2005"]
[Site "Elancourt"]
[Date "2005.04.25"]
[Round "3.16"]
[White "Fayolle, Guy"]
[Black "Mazaltob, Gerald"]
[Result "1-0"]
[WhiteElo "1958"]
[BlackElo "1570"]
[PlyCount "123"]
[EventDate "2005.04.??"]

1. e4 c5 2. Nf3 d6 3. d4 cxd4 4. Nxd4 Nf6 5. Nc3 a6 6. Be2 e6 7. Be3 Be7 8. g4
Qc7 9. f4 b5 10. g5 Nfd7 11. f5 Ne5 12. fxe6 fxe6 13. O-O g6 14. Qe1 Nbc6 15.
Qg3 Na5 16. Qh3 Qd7 17. Nf3 Nac4 18. Nxe5 Nxe5 19. b3 Qd8 20. Qg3 Nf7 21. h4
Ne5 22. Bd4 Rg8 23. Rad1 Qc7 24. Rd2 Bd7 25. Bd1 O-O-O 26. Qe3 Rdf8 27. Rdf2
Rxf2 28. Rxf2 Rf8 29. Rxf8+ Bxf8 30. Ne2 Bc6 31. Nf4 Be7 32. Qh3 Bd7 33. Nd3
Nxd3 34. Qxd3 e5 35. Be3 Be6 36. a4 Qc6 37. Be2 Bd7 38. axb5 axb5 39. Kf2 Bd8
40. Qd5 Qxd5 41. exd5 Kb7 42. Bd3 Bf5 43. Bxb5 Bxc2 44. Bc6+ Ka6 45. b4 Bb6 46.
Bxb6 Kxb6 47. Ke2 Be4 48. Kd2 Bb1 49. Be8 Be4 50. Bf7 Kb5 51. Kc3 Bf3 52. Bg8
Bh5 53. Bxh7 Kb6 54. Bg8 Kb5 55. Bf7 Kb6 56. Be8 Ka6 57. Kd2 Kb6 58. Ke3 Ka6
59. Kf2 Kb6 60. Kg3 Ka6 61. Bd7 Kb6 62. Bg4 1-0

[Event "Saint Quentin 2005"]
[Site "Elancourt"]
[Date "2005.04.25"]
[Round "3.18"]
[White "Fischer, Jean-Claude"]
[Black "Gaillet, Philippe"]
[Result "1-0"]
[WhiteElo "1920"]
[BlackElo "1310"]
[PlyCount "67"]
[EventDate "2005.04.??"]

1. e4 c6 2. d4 d5 3. exd5 cxd5 4. h3 Nf6 5. Nf3 Nc6 6. c3 Bf5 7. Bd3 Bxd3 8.
Qxd3 e6 9. O-O Bd6 10. Re1 Ne4 11. Nbd2 f5 12. Ne5 Qc7 13. Nxc6 Qxc6 14. Nxe4
fxe4 15. Qe2 O-O-O 16. Qg4 Qd7 17. Bf4 h5 18. Qg3 h4 19. Qg4 Bxf4 20. Qxf4 Qc7
21. Qxc7+ Kxc7 22. f3 exf3 23. Rxe6 Kd7 24. Rg6 Rhg8 25. gxf3 Rdf8 26. Kg2 Rf6
27. Rg5 Rd6 28. Re1 Re6 29. Rxe6 Kxe6 30. Rg4 g5 31. f4 Kf5 32. Kf3 Rg6 33.
fxg5 Rxg5 34. Rxh4 1-0

[Event "Saint Quentin 2005"]
[Site "Elancourt"]
[Date "2005.04.25"]
[Round "3.19"]
[White "Marquet, Didier"]
[Black "Francois, Jean"]
[Result "0-1"]
[WhiteElo "1550"]
[BlackElo "1900"]
[PlyCount "86"]
[EventDate "2005.04.??"]

1. e4 e5 2. Nf3 Nc6 3. Bb5 Nge7 4. d4 exd4 5. Nxd4 Ng6 6. O-O Bc5 7. Nxc6 bxc6
8. Bc4 O-O 9. Bg5 Qxg5 10. Qf3 d6 11. Qg3 Qf6 12. Nc3 Ne5 13. Be2 a5 14. a3 Ba6
15. Rab1 Bxe2 16. Nxe2 Nc4 17. Rfe1 Nd2 18. Qf4 Qxf4 19. Nxf4 Nxb1 20. Rxb1
Rfe8 21. Re1 Bb6 22. Kf1 g6 23. Nd3 f6 24. c4 Bd4 25. Re2 Re7 26. f3 Rae8 27.
b4 axb4 28. Nxb4 c5 29. Nc6 Re6 30. Nxd4 cxd4 31. Rb2 f5 32. a4 fxe4 33. Ke2
exf3+ 34. Kxf3 Rf8+ 35. Kg4 h5+ 36. Kh3 d3 37. Rd2 Re3+ 38. g3 Rf4 39. a5 Rxc4
40. Ra2 Re2 41. Ra3 d2 42. Rd3 Rc1 43. a6 d1=Q 0-1

[Event "Saint Quentin 2005"]
[Site "Elancourt"]
[Date "2005.04.25"]
[Round "3.20"]
[White "Duval, Dominique"]
[Black "Appavou, Calixte"]
[Result "0-1"]
[WhiteElo "1630"]
[BlackElo "1960"]
[PlyCount "48"]
[EventDate "2005.04.??"]

1. d4 d5 2. Nf3 Nf6 3. e3 Bg4 4. c4 Bxf3 5. Qxf3 e6 6. Nc3 c6 7. Bd3 Nbd7 8.
Qg3 g6 9. f4 Bg7 10. b3 O-O 11. O-O c5 12. Bb2 Rc8 13. Qf3 cxd4 14. exd4 Nb8
15. Ba3 Re8 16. Nb5 Nc6 17. Bb2 a6 18. Na3 dxc4 19. Bxc4 b5 20. d5 exd5 21. Bd3
Ne4 22. Bxe4 Bxb2 23. Bxd5 Bxa1 24. Rxa1 Nd4 0-1

[Event "Saint Quentin 2005"]
[Site "Elancourt"]
[Date "2005.04.25"]
[Round "3.21"]
[White "O Neill, Liam"]
[Black "Habunek, Patrick"]
[Result "0-1"]
[WhiteElo "1360"]
[BlackElo "1700"]
[PlyCount "126"]
[EventDate "2005.04.??"]

1. d4 d5 2. c4 c6 3. Nc3 dxc4 4. e3 Nf6 5. Bxc4 e6 6. Nf3 Nbd7 7. O-O Be7 8.
Qc2 O-O 9. Rd1 Qc7 10. Ne4 Nxe4 11. Qxe4 Nf6 12. Qc2 Re8 13. e4 Qa5 14. Bd2 Qd8
15. Bf4 Bf8 16. Rd2 Qa5 17. Rad1 Bb4 18. Re2 h6 19. a3 Be7 20. Bd2 Qb6 21. Bc3
Qc7 22. d5 cxd5 23. Bb5 Bd7 24. Bxd7 Qxd7 25. exd5 Nxd5 26. Kf1 Rac8 27. Red2
Qb5+ 28. Kg1 Nxc3 29. bxc3 Red8 30. Rxd8+ Rxd8 31. Rxd8+ Bxd8 32. Nd2 Bb6 33.
g3 Qd5 34. Nb1 g6 35. c4 Qc5 36. a4 a6 37. Qe2 Qf5 38. Nd2 Kf8 39. Nf1 Ke7 40.
Ne3 Qc5 41. Qb2 Qd4 42. Qb4+ Qc5 43. Qc3 Bc7 44. Qb3 b6 45. Kf1 h5 46. Nc2 a5
47. Ne3 Be5 48. Ke2 Bd4 49. Qd3 f5 50. Ke1 Bxe3 51. fxe3 Qb4+ 52. Kf2 Qxa4 53.
Qd4 Qc2+ 54. Kg1 Qb1+ 55. Kg2 Qe4+ 56. Kf2 Qxd4 57. exd4 Kd6 58. Ke3 e5 59.
dxe5+ Kxe5 60. Kd3 g5 61. Kc3 f4 62. gxf4+ gxf4 63. Kb3 Kd4 0-1

[Event "Saint Quentin 2005"]
[Site "Elancourt"]
[Date "2005.04.25"]
[Round "3.22"]
[White "Levier, Jean-Francois"]
[Black "Benhamouda, Fabrice"]
[Result "1-0"]
[WhiteElo "1700"]
[BlackElo "1520"]
[PlyCount "99"]
[EventDate "2005.04.??"]

1. e4 e5 2. Nf3 Nc6 3. Bb5 a6 4. Ba4 d6 5. c3 Bd7 6. O-O Nf6 7. Re1 Be7 8. d4
b5 9. Bb3 Rb8 10. Nbd2 Ng8 11. Nf1 Bf6 12. h3 g6 13. dxe5 dxe5 14. Qd5 Qe7 15.
N1h2 Bg7 16. Be3 Nf6 17. Qd3 Rd8 18. Qc2 Na5 19. Bd5 Nxd5 20. exd5 Bf5 21. Qc1
f6 22. b4 Nb7 23. a4 bxa4 24. Rxa4 Qd6 25. c4 c5 26. g4 Bd7 27. bxc5 Nxc5 28.
Bxc5 Qxc5 29. Rxa6 Rc8 30. Qa3 Qxc4 31. Qd6 Qc5 32. Qxc5 Rxc5 33. Ra8+ Ke7 34.
d6+ Kxd6 35. Ra6+ Bc6 36. Ra7 Rg8 37. g5 f5 38. Nd2 Bd5 39. Rd1 e4 40. Nb3 Rb5
41. Ra6+ Ke5 42. Nd4 Rc5 43. Nf1 Ra8 44. Rxa8 Bxa8 45. Ne3 f4 46. Ng4+ Kd6 47.
Nf5+ Kc7 48. Nxg7 Kb8 49. Ne6 Rc6 50. Nxf4 1-0

[Event "Saint Quentin 2005"]
[Site "Elancourt"]
[Date "2005.04.25"]
[Round "3.23"]
[White "Benchara, Imane"]
[Black "Labarthe, Arnaud"]
[Result "0-1"]
[WhiteElo "1320"]
[BlackElo "2034"]
[PlyCount "62"]
[EventDate "2005.04.??"]

1. d4 Nc6 2. Nf3 d5 3. c4 Bg4 4. Nbd2 e6 5. g3 dxc4 6. Bg2 Bxf3 7. Nxf3 Bb4+ 8.
Bd2 Bxd2+ 9. Nxd2 Nge7 10. Nxc4 O-O 11. O-O Rb8 12. Qe1 Qxd4 13. Rc1 Nd5 14.
Na5 Nxa5 15. Qxa5 c6 16. Rcd1 Qxb2 17. Qxa7 Ra8 18. Rb1 Qxb1 19. Qd4 Qxa2 20.
h3 b5 21. Qh4 Ra4 22. Be4 f5 23. f3 fxe4 24. fxe4 Rxf1+ 25. Kxf1 Qb1+ 26. Kf2
Nf6 27. Qg5 Nxe4+ 28. Kg2 Nxg5 29. h4 Qe4+ 30. Kf1 Ra1+ 31. Kf2 Nh3# 0-1

[Event "Saint Quentin 2005"]
[Site "Elancourt"]
[Date "2005.04.25"]
[Round "3.24"]
[White "Guillet, Jacques"]
[Black "Miolane, Leo"]
[Result "0-1"]
[WhiteElo "1230"]
[BlackElo "1550"]
[PlyCount "114"]
[EventDate "2005.04.??"]

1. e4 e5 2. Nf3 Nc6 3. d4 exd4 4. Bc4 d6 5. O-O Be7 6. c3 dxc3 7. Qd5 Be6 8.
Qd3 Bxc4 9. Qxc4 Nf6 10. Nxc3 O-O 11. Re1 Nd7 12. Nd5 Nb6 13. Nxe7+ Qxe7 14.
Qe2 Rfe8 15. Bf4 Nd7 16. Rad1 Nde5 17. Nxe5 Nxe5 18. Bxe5 Qxe5 19. Rd5 Qe6 20.
b3 c6 21. Rd2 Qe5 22. Qe3 Re6 23. h3 Rf6 24. Rd4 Rg6 25. f4 Qe7 26. Rd3 Re6 27.
Rd4 d5 28. e5 Qa3 29. Ra4 Qe7 30. Rxa7 Rxa7 31. Qxa7 h5 32. f5 Rh6 33. g3 Kh7
34. Qe3 g6 35. f6 Qe6 36. Kg2 Kg8 37. Qb6 Qd7 38. Qa7 Kh7 39. Qb8 g5 40. Qd6
Qxd6 41. exd6 Rxf6 42. d7 Rd6 43. Re7 Kg7 44. d8=Q Rxd8 45. Rxb7 d4 46. Kf2 d3
47. Ke1 d2+ 48. Kd1 Rd3 49. a4 Rxg3 50. a5 Rg1+ 51. Kxd2 Ra1 52. b4 g4 53. hxg4
h4 54. b5 cxb5 55. Rxb5 h3 56. Rh5 h2 57. a6 h1=Q 0-1

[Event "Saint Quentin 2005"]
[Site "Elancourt"]
[Date "2005.04.25"]
[Round "3.25"]
[White "Durez, Gerard"]
[Black "Dubos, Jean-Luc"]
[Result "1-0"]
[WhiteElo "1530"]
[BlackElo "1430"]
[PlyCount "103"]
[EventDate "2005.04.??"]

1. c4 Nf6 2. Nf3 g6 3. d4 Bg7 4. e3 O-O 5. Bd3 e6 6. Nc3 d6 7. O-O Nc6 8. a3
Re8 9. e4 e5 10. d5 Ne7 11. h3 Nh5 12. Bg5 Bd7 13. b4 Qc8 14. Nh2 f5 15. Be2
Nf4 16. Bf3 fxe4 17. Nxe4 Nf5 18. Ng4 Kh8 19. Ra2 h6 20. Bf6 Nh5 21. Bxg7+ Kxg7
22. Ne3 Nf4 23. Kh2 g5 24. Bh5 Rf8 25. Nxf5+ Bxf5 26. Ng3 Bd3 27. Re1 Bxc4 28.
Rc2 Bb3 29. Re3 Bxd5 30. Bg4 Be6 31. Rec3 Bxg4 32. Rxc7+ Kg8 33. hxg4 Qe6 34.
Nf5 Rf7 35. Rxf7 Kxf7 36. Rc7+ Kf8 37. Rh7 h5 38. Rh8+ Kf7 39. Rxa8 hxg4 40.
Qc2 Qg6 41. Qc7+ Ke6 42. Ng7+ Kd5 43. Qxb7+ Kc4 44. Rc8+ Kb3 45. Qc6 Qh7+ 46.
Kg1 Qb1+ 47. Kh2 Qh7+ 48. Nh5 Kxa3 49. Qc3+ Ka2 50. Qd2+ Ka3 51. Rc3+ Ka4 52.
Qa2+ 1-0

[Event "Saint Quentin 2005"]
[Site "Elancourt"]
[Date "2005.04.25"]
[Round "3.26"]
[White "Sineux, Sandra"]
[Black "Vallobra, Pierre"]
[Result "1-0"]
[WhiteElo "1510"]
[BlackElo "1360"]
[PlyCount "23"]
[EventDate "2005.04.??"]

1. e4 e6 2. Nf3 d5 3. e5 Bc5 4. d4 Be7 5. Bd3 f6 6. O-O fxe5 7. Nxe5 c5 8. Qh5+
g6 9. Bxg6+ Kf8 10. Bh6+ Nxh6 11. Qxh6+ Kg8 12. Bf7# 1-0

[Event "Saint Quentin 2005"]
[Site "Elancourt"]
[Date "2005.04.25"]
[Round "3.27"]
[White "Poudroux, Joel"]
[Black "Branson, James"]
[Result "0-1"]
[WhiteElo "1199"]
[BlackElo "1499"]
[PlyCount "64"]
[EventDate "2005.04.??"]

1. e4 e5 2. Nf3 Nc6 3. Bc4 Be7 4. Nc3 Nf6 5. d3 O-O 6. Be3 d6 7. O-O Na5 8. Nd2
Nxc4 9. Nxc4 c6 10. Qf3 Be6 11. Qg3 Qd7 12. Bh6 Nh5 13. Qf3 Bg4 14. Qe3 gxh6
15. Qxh6 Ng7 16. f3 Be6 17. Ne3 f5 18. f4 Rf6 19. Qh3 fxe4 20. Qg3 exf4 21.
Rxf4 Rg6 22. Qf2 exd3 23. cxd3 d5 24. Ne2 Bd6 25. Rf6 Rxf6 26. Qxf6 Rf8 27. Qc3
Qc7 28. d4 Bxh2+ 29. Kh1 Bg3 30. Qc1 Rf6 31. Nxg3 Qxg3 32. Qg1 Rh6+ 0-1

[Event "Saint Quentin 2005"]
[Site "Elancourt"]
[Date "2005.04.25"]
[Round "3.28"]
[White "Benhamouda, Mathieu"]
[Black "Salaun, Alexandre"]
[Result "1-0"]
[WhiteElo "1450"]
[BlackElo "1210"]
[PlyCount "97"]
[EventDate "2005.04.??"]

1. Nf3 d6 2. d4 Bg4 3. e4 Nc6 4. Bb5 e6 5. d5 exd5 6. exd5 b6 7. Bxc6+ Bd7 8.
Qe2+ Be7 9. Bxa8 Qxa8 10. Bg5 Bg4 11. Bxe7 Nxe7 12. O-O Qxd5 13. Re1 Be6 14.
Nc3 Qf5 15. Nd4 Qg6 16. Nxe6 fxe6 17. Qxe6 Qxe6 18. Rxe6 h5 19. Nd5 O-O 20.
Nxe7+ Kf7 21. Rae1 Re8 22. h3 h4 23. g3 hxg3 24. fxg3 g5 25. h4 gxh4 26. gxh4
a5 27. a3 b5 28. h5 c5 29. h6 b4 30. a4 c4 31. Rxd6 b3 32. c3 Rxe7 33. Rxe7+
Kxe7 34. h7 Kxd6 35. h8=Q Ke6 36. Qd4 Kf5 37. Qe3 Kf6 38. Qe4 Kg5 39. Qf3 Kh4
40. Qg2 Kh5 41. Qg3 Kh6 42. Qg4 Kh7 43. Qg5 Kh8 44. Kf2 Kh7 45. Kf3 Kh8 46. Kf4
Kh7 47. Kf5 Kh8 48. Kf6 Kh7 49. Qg7# 1-0

[Event "Saint Quentin 2005"]
[Site "Elancourt"]
[Date "2005.04.25"]
[Round "4.1"]
[White "Radulov, Ivan"]
[Black "Bouverot, Olivier"]
[Result "1-0"]
[WhiteElo "2334"]
[BlackElo "2138"]
[PlyCount "59"]
[EventDate "2005.04.??"]

1. Nf3 g6 2. g3 Bg7 3. d4 f5 4. c4 Nf6 5. Bg2 O-O 6. O-O d6 7. Nc3 Qe8 8. d5 a5
9. Nd4 Na6 10. b3 Bd7 11. Bb2 g5 12. e3 f4 13. exf4 gxf4 14. Qe2 Qf7 15. Ne6
Rfe8 16. Nxf4 Nc5 17. Ne6 Nxe6 18. dxe6 Qxe6 19. Qxe6+ Bxe6 20. Bxb7 Rab8 21.
Bc6 Bd7 22. Bxd7 Nxd7 23. Rab1 Nc5 24. Ba1 c6 25. Rfe1 Nd3 26. Re2 Ne5 27. Rd1
Kf7 28. Kg2 Rb4 29. Ne4 Nd7 30. Bxg7 1-0

[Event "Saint Quentin 2005"]
[Site "Elancourt"]
[Date "2005.04.25"]
[Round "4.2"]
[White "Bogdanov, Emil"]
[Black "Baron, Daniel"]
[Result "1-0"]
[WhiteElo "2250"]
[BlackElo "2134"]
[Annotator "Sylvain,Rivier"]
[PlyCount "63"]
[EventDate "2005.04.??"]

1. c4 c6 2. e4 d5 3. exd5 cxd5 4. cxd5 Nf6 5. Bb5+ Nbd7 6. Nc3 a6 7. Be2 b5 8.
d4 Nb6 9. Bf3 Ra7 10. Qb3 Bb7 11. a4 b4 12. Qxb4 e5 13. Qb3 exd4 14. a5 Nbxd5
15. Qa4+ Qd7 16. Qxd4 Ra8 17. Nge2 Rd8 18. O-O Qc7 19. Re1 Be7 20. Nxd5 Bxd5
21. Bxd5 Rxd5 22. Qa4+ Qd7 23. Nc3 Qxa4 24. Rxa4 Rd7 25. Rc4 O-O 26. Rc6 Ra8
27. Bg5 Bb4 28. Rc4 Rad8 29. b3 Rd6 30. Rf4 h6 31. Bxf6 Rxf6 32. Rxb4 1-0

[Event "Saint Quentin 2005"]
[Site "Elancourt"]
[Date "2005.04.25"]
[Round "4.3"]
[White "Oger, Claude"]
[Black "Sulypa, Alexandre"]
[Result "0-1"]
[WhiteElo "2008"]
[BlackElo "2480"]
[PlyCount "84"]
[EventDate "2005.04.??"]

1. d4 Nf6 2. c4 e6 3. Nc3 Bb4 4. Qc2 O-O 5. Nf3 b6 6. Bg5 Bb7 7. e3 h6 8. Bh4
c5 9. a3 Ba5 10. Bd3 d6 11. O-O Bxc3 12. bxc3 Nc6 13. Rad1 Qe7 14. h3 Rac8 15.
Qe2 Na5 16. e4 cxd4 17. cxd4 e5 18. Rfe1 Rfe8 19. d5 Ba6 20. Nd2 g5 21. Bg3 Rc5
22. h4 Rec8 23. Qe3 Nh5 24. hxg5 Qxg5 25. Bh2 Qxe3 26. Rxe3 Nxc4 27. Bxc4 Bxc4
28. Bg3 Bb5 29. Bh4 Kf8 30. g4 Nf4 31. g5 h5 32. Bg3 Rc1 33. Rxc1 Rxc1+ 34. Kh2
Rc2 35. Nf3 Ke7 36. Nh4 Kd7 37. Bxf4 Rxf2+ 38. Kg1 Rxf4 39. Nf5 Rg4+ 40. Rg3
Rxe4 41. g6 fxg6 42. Rxg6 Rg4+ 0-1

[Event "Saint Quentin 2005"]
[Site "Elancourt"]
[Date "2005.04.26"]
[Round "4.4"]
[White "Criton, Roland"]
[Black "Gerard, Nicolas"]
[Result "0-1"]
[WhiteElo "2018"]
[BlackElo "2334"]
[PlyCount "118"]
[EventDate "2005.04.??"]

1. d4 Nf6 2. Nf3 g6 3. Bg5 Bg7 4. Nbd2 d5 5. e3 O-O 6. Be2 c5 7. c3 cxd4 8.
exd4 Nc6 9. O-O h6 10. Bf4 g5 11. Bg3 Qb6 12. Qb3 Qxb3 13. axb3 Ne4 14. Nxe4
dxe4 15. Ne5 Nxe5 16. Bxe5 Bxe5 17. dxe5 Be6 18. Bc4 Bxc4 19. bxc4 Rfd8 20.
Rfd1 Rac8 21. Kf1 a6 22. Rxd8+ Rxd8 23. Ke2 Kg7 24. c5 Rd5 25. c6 bxc6 26. Rxa6
c5 27. Ra5 Rxe5 28. b4 Kf6 29. b5 c4 30. Ke3 Rd5 31. Kxe4 e6 32. Ra4 Rxb5 33.
Rxc4 Rb2 34. Ke3 h5 35. h4 g4 36. Rc5 e5 37. g3 Rc2 38. f4 gxf3 39. Kxf3 Kf5
40. Rc4 Rd2 41. Ke3 Rd1 42. Kf2 Rd7 43. Ke3 f6 44. Rc6 Rd5 45. Rc4 Rd6 46. Rc8
Re6 47. Rh8 Rc6 48. Rxh5+ Kg4 49. Rh6 Kxg3 50. Kd3 Kf3 51. Rh5 Rd6+ 52. Kc4 e4
53. Kc5 Ra6 54. Kd4 e3 55. Rf5+ Kg4 56. Rxf6 Rxf6 57. Kxe3 Rf4 58. h5 Kf5 59.
h6 Rh4 0-1